Derecho concursal penal : cuestiones candentes /

Detalles Bibliográficos
Otros Autores: Urbano Castrillo, Eduardo de (Editor), García Martínez, María del Rosario (Editor)
Formato: Electrónico eBook
Lenguaje:español
Publicado: Las Rozas, Madrid : Aranzadi La Ley, [2025]
Colección:Temas (Aranzadi La Ley)
Materias:
Acceso en línea:Digitalia Hispánica

MARC

LEADER 00000nam a2200000 i 4500
001 DIGARALEY0007
003 NyNyDIG
007 cr |||||||||||
008 260301s2025 sp ob 000 0 spa d
006 m o d
035 |a (OCoLC)1576249324 
040 |a DGITA  |b eng  |e rda  |e pn  |c DGITA 
020 |a 9788410292512  |q versión electrónica 
020 |z 9788410292505  |q versión impresa 
043 |a e-sp--- 
050 1 4 |a KKT1942 ebook 
245 0 0 |a Derecho concursal penal :  |b cuestiones candentes /  |c coordinadores, Eduardo de Urbano Castrillo, María del Rosario García Martínez. 
264 1 |a Las Rozas, Madrid :  |b Aranzadi La Ley,  |c [2025] 
300 |a 1 online resource. 
336 |a text  |b txt  |2 rdacontent 
337 |a computer  |b c  |2 rdamedia 
338 |a online resource  |b cr  |2 rdacarrier 
347 |a text file  |2 rdaft 
347 |b EPUB 
490 1 |a Temas 
504 |a Includes bibliographical references. 
588 0 |a Online resource; title from ePub title page (Digitalia, viewed March 1, 2026) 
650 0 |a Bankruptcy  |z Spain. 
650 0 |a Bankruptcy  |z Spain  |x Criminal provisions. 
700 1 |a Urbano Castrillo, Eduardo de,  |e editor. 
700 1 |a García Martínez, María del Rosario,  |e editor. 
791 2 |a Digitalia (Firm),  |e distributor. 
793 0 |g Digitalia eBook Collection:  |a Aranzadi La Ley 
776 0 8 |i Print version:  |t Derecho concursal penal.  |d Las Rozas, Madrid : Aranzadi La Ley, [2025]  |z 9788410292505 
830 0 |a Temas (Aranzadi La Ley) 
856 4 0 |3 Digitalia Hispánica  |u https://www.digitaliapublishing.com/a/178953/ 
910 |a Premium collection: 2026